Normal view
MARC view
- Zameer, Yasir
Entry Personal Name
001 - CONTROL NUMBER
- control field: 17196
003 - CONTROL NUMBER IDENTIFIER
- control field: NUST
005 - DATE AND TIME OF LATEST TRANSACTION
- control field: 20190709110931.0
008 - FIXED-LENGTH DATA ELEMENTS
- fixed length control field: 190709|| aca||aabn | a|a d
040 ## - CATALOGING SOURCE
- Original cataloging agency: NUST
- Transcribing agency: NUST
100 ## - HEADING--PERSONAL NAME
- Personal name: Zameer, Yasir
670 ## - SOURCE DATA FOUND
- Source citation: Work cat.: (NUST): Zameer, Yasir, MHD Boundary Layer Flow and Heat Transfer Over a Stretching Sheet and a Moving Flat Plate /, 2016.
